|
|
|
|
| LEADER |
01588nam a2200373 4500 |
| 001 |
000016819 |
| 003 |
13228 |
| 005 |
20121227161240.0 |
| 008 |
121227s2010 viesd |
| 041 |
|
|
|a vie
|
| 082 |
1 |
4 |
|a 895.6
|b TR-C
|
| 100 |
1 |
|
|a Trương Thị Hồng Cúc
|
| 245 |
1 |
0 |
|a Thi pháp chân không trong "Truyện ngắn trong lòng bàn tay" của Kawabata Yasunari
|b (Bản tóm tắt)
|c Trương Thị Hồng Cúc ; Nguyễn Phương Khánh hướng dẫn
|k Báo cáo khoa học
|
| 260 |
|
|
|a Đà Nẵng
|b Trường Đại học Sư phạm
|c 2010
|
| 300 |
|
|
|a 7 tr.
|c 29 cm.
|
| 500 |
|
|
|a Công trình tham gia Hội nghị sinh viên nghiên cứu khoa học Trường Đại học Sư phạm năm 2010. Khoa Ngữ văn
|
| 600 |
1 |
4 |
|a Kawabata Yasunari
|d 1899-1972
|t Truyện ngắn trong lòng bàn tay
|
| 650 |
0 |
4 |
|a Thơ Nhật
|v Báo cáo khoa học
|x Nghiên cứu
|x Thi pháp chân không
|
| 653 |
|
|
|a Ngữ văn
|
| 653 |
|
|
|a Nghiên cứu khoa học
|
| 653 |
|
|
|a Văn học Nhật
|
| 653 |
|
|
|a Thi pháp
|
| 700 |
1 |
|
|a Nguyễn Phương Khánh
|e hướng dẫn
|
| OWN |
|
|
|a LSP
|
| AVA |
|
|
|a UDN50
|b LSP
|d 895.6 TR-C
|e available
|t Error 5001 Not defined in file expand_doc_bib_avail.
|f 1
|g 0
|h N
|i 0
|k 1
|
| 999 |
|
|
|a From the UDN01
|
| AVA |
|
|
|a UDN50
|b LSP
|d 895.6 TR-C
|e available
|t Error 5001 Not defined in file expand_doc_bib_avail.
|f 1
|g 0
|h N
|i 0
|k 1
|
| TYP |
|
|
|a Mixed Materials
|
| TYP |
|
|
|a Monograph
|
| TYP |
|
|
|a Printed language
|
| 980 |
|
|
|a Mạng thư viện Đại học Đà Nẵng
|